000 00436nam a22001577a 4500
005 20251108165919.0
008 250721s1988 xx 000 0 ara d
082 1 4 _aق/علي
100 1 _aعلي، زياد
245 1 0 _aالطائر الذي نسي ريشه /
264 1 _aدمشق :
_bإتحاد الكتاب العرب،
_c1988.
300 _a134ص
650 1 7 _aالقصص العربية
942 _2ddc
_cBK
999 _c34656
_d34656